| 000 | 01223pam a2200337 a 4500 | ||
|---|---|---|---|
| 999 |
_c48645 _d48645 |
||
| 001 | 1054198 | ||
| 005 | 20191029135043.0 | ||
| 008 | 900525s1990 miu b 000 0 eng | ||
| 010 | _a 90040135 | ||
| 020 |
_a0802836798 : _c$15.95 |
||
| 040 |
_aDLC _cDLC _dDLC |
||
| 100 | 1 |
_aWilliams, Charles, _d1886-1945. |
|
| 240 | 1 | 0 | _aOutlines of romantic theology |
| 245 | 0 | 0 |
_aOutlines of romantic theology : with which is reprinted, Religion and love in Dante : _bthe theology of romantic love / _cCharles Williams ; edited and introduced by Alice Mary Hadfield. |
| 260 |
_aGrand Rapids, Mich. : _bW.B. Eerdmans Pub. Co., _cc1990. |
||
| 300 |
_axiv, 113 p. ; _c24 cm. |
||
| 336 | _atext | ||
| 337 | _aunmediated | ||
| 338 | _avolume | ||
| 504 | _aIncludes bibliographical references. | ||
| 600 | 0 | 0 |
_aDante Alighieri, _d1265-1321. _tDivina commedia. |
| 650 | 0 |
_aLove _xReligious aspects _xChristianity. |
|
| 650 | 0 | _aChristianity in literature. | |
| 650 | 0 | _aLove in literature. | |
| 700 | 1 | _aHadfield, Alice Mary. | |
| 740 | 0 | _aOutlines of romantic theology. | |
| 740 | 0 | _aReligion and love in Dante. | |
| 740 | 0 | _aRomantic theology. | |
| 906 |
_a7 _bcbc _corignew _d1 _eocip _f19 _gy-gencatlg |
||
| 942 |
_2lcc _cBK |
||